Stati per numero di Satelliti militari - Statistics

Statistiche generali
  • Questo quiz è stato fatto 13 volte
  • Il punteggio medio è 9 su 10
Statistiche sulle risposte
Numero di satelliti militari Continente Nazione % Corretto
132 Asia Cina
100%
7 Europa Francia
100%
7 Europa Germania
100%
11 Asia Giappone
100%
9 Europa Italia
100%
8 Europa Regno Unito
100%
109 Asia / Europa Russia
100%
141 America del Nord Stati Uniti
100%
21 Asia India
92%
10 Asia Israele
50%
Nessun quiz corrispondente trovato
Distribuzione punteggi
Percentuale di utenti per punteggio
Percentile per numero di risposta
I tuoi punteggi nel tempo
Non hai fatto questo quiz